<?xml version="1.0" encoding="UTF-8"?><?xml-stylesheet type="text/xsl" href="static/style.xsl"?><OAI-PMH xmlns="http://www.openarchives.org/OAI/2.0/" xmlns:xsi="http://www.w3.org/2001/XMLSchema-instance" xsi:schemaLocation="http://www.openarchives.org/OAI/2.0/ http://www.openarchives.org/OAI/2.0/OAI-PMH.xsd"><responseDate>2026-04-29T04:09:54Z</responseDate><request verb="GetRecord" identifier="oai:repisalud.isciii.es:20.500.12105/17144" metadataPrefix="marc">https://repisalud.isciii.es/rest/oai/request</request><GetRecord><record><header><identifier>oai:repisalud.isciii.es:20.500.12105/17144</identifier><datestamp>2024-01-16T12:16:18Z</datestamp><setSpec>com_20.500.12105_15322</setSpec><setSpec>com_20.500.12105_2051</setSpec><setSpec>col_20.500.12105_16927</setSpec></header><metadata><record xmlns="http://www.loc.gov/MARC21/slim" xmlns:dcterms="http://purl.org/dc/terms/" xmlns:doc="http://www.lyncode.com/xoai" xmlns:xsi="http://www.w3.org/2001/XMLSchema-instance" xsi:schemaLocation="http://www.loc.gov/MARC21/slim http://www.loc.gov/standards/marcxml/schema/MARC21slim.xsd">
   <leader>00925njm 22002777a 4500</leader>
   <datafield ind2=" " ind1=" " tag="042">
      <subfield code="a">dc</subfield>
   </datafield>
   <datafield ind2=" " ind1=" " tag="720">
      <subfield code="a">González-Sánchez, Manuel</subfield>
      <subfield code="e">author</subfield>
   </datafield>
   <datafield ind2=" " ind1=" " tag="720">
      <subfield code="a">Velasco-Ramos, Esther</subfield>
      <subfield code="e">author</subfield>
   </datafield>
   <datafield ind2=" " ind1=" " tag="720">
      <subfield code="a">Ruiz-Muñoz, Maria</subfield>
      <subfield code="e">author</subfield>
   </datafield>
   <datafield ind2=" " ind1=" " tag="720">
      <subfield code="a">Cuesta-Vargas, Antonio I</subfield>
      <subfield code="e">author</subfield>
   </datafield>
   <datafield ind2=" " ind1=" " tag="260">
      <subfield code="c">2016-07-06</subfield>
   </datafield>
   <datafield ind2=" " ind1=" " tag="520">
      <subfield code="a">The current study performed a cross-cultural adaptation to Spanish and examined the internal and external validation of the AAOS-FAM questionnaire. A direct translation (English to Spanish) and a reverse translation (Spanish to English) were performed by two independent professional native translators. Cronbach's α coefficients were calculated to analyse the internal consistency of the measure. The factor structure and construct validity were analysed after extraction by maximum likelihood (EML); extraction was necessary if the following three requirements were met: accounting for ≥10 % of variance, Eigenvalue >1.0 and a scree plot inflexion point. The standard error of measurement and minimal detectable change 90 (MDC90) were calculated. Criterion validity was calculated by analysing the correlation between the American Academy of Orthopaedic Surgeons-Foot and Ankle Module (Spanish version) (AAOS-FAMsp) and Spanish versions of the questionnaires FFI and FHSQ. Regarding internal consistency, Cronbach's α was 0.877, and in the test-retest analysis, the ICC ranged between 0.899 and 0.942. Error measures were calculated by MDC90 and SEM, which showed values of 3.444 and 1.476 %, respectively. The analysis demonstrated a goodness of fit chi-squared value of 803.166 (p  The results indicate that AAOS-FAMsp has satisfactory psychometric properties, facilitating the inclusion of Spanish-speaking individuals into both research and clinical practice.</subfield>
   </datafield>
   <datafield ind1="8" ind2=" " tag="024">
      <subfield code="a">http://hdl.handle.net/10668/10246</subfield>
   </datafield>
   <datafield ind1="8" ind2=" " tag="024">
      <subfield code="a">http://hdl.handle.net/20.500.12105/17144</subfield>
   </datafield>
   <datafield ind1="8" ind2=" " tag="024">
      <subfield code="a">27384181</subfield>
   </datafield>
   <datafield ind1="8" ind2=" " tag="024">
      <subfield code="a">10.1186/s13018-016-0409-7</subfield>
   </datafield>
   <datafield ind1="8" ind2=" " tag="024">
      <subfield code="a">1749-799X</subfield>
   </datafield>
   <datafield ind1="8" ind2=" " tag="024">
      <subfield code="a">Journal of orthopaedic surgery and research</subfield>
   </datafield>
   <datafield tag="653" ind2=" " ind1=" ">
      <subfield code="a">Assessment</subfield>
   </datafield>
   <datafield tag="653" ind2=" " ind1=" ">
      <subfield code="a">Foot</subfield>
   </datafield>
   <datafield tag="653" ind2=" " ind1=" ">
      <subfield code="a">Patient reported outcome measures</subfield>
   </datafield>
   <datafield tag="653" ind2=" " ind1=" ">
      <subfield code="a">Spanish version</subfield>
   </datafield>
   <datafield tag="653" ind2=" " ind1=" ">
      <subfield code="a">Validation</subfield>
   </datafield>
   <datafield ind2="0" ind1="0" tag="245">
      <subfield code="a">Cross-cultural adaptation and validation of the Spanish version of the American Academy of Orthopaedic Surgeons-Foot and Ankle Module (AAOS-FAMsp).</subfield>
   </datafield>
</record></metadata></record></GetRecord></OAI-PMH>